Top 50 des sportifs les mieux payés par an (2021) - Statistiques

Statistiques générales
  • Ce quiz a été pris 1 933 fois
  • Le résultat moyen est 14 sur 50
Statistiques - réponses
Rank Revenus Réponse Sport % Correct
3 $120 M Cristiano Ronaldo Football
99%
2 $126 M Lionel Messi Football
99%
5 $101.8 M LeBron James Basketball
91%
33 $40.1 M Kylian Mbappe Football
87%
6 $100 M Neymar Football
87%
7 $84 M Roger Federer Tennis
81%
1 $208 M Conor McGregor MMA
80%
11 $64 M Lewis Hamilton Formule 1
79%
10 $74.5 M Stephen Curry Basketball
77%
13 $62.2 M Tiger Woods Golf
61%
8 $80.4 M Tom Brady Football Americain
56%
9 $80.1 M Kevin Durant Basketball
55%
16 $51.1 M James Harden Basket
38%
44 $35.5 M Serena Williams Tennis
26%
36 $38.8 M Leonard Williams Football Americain
24%
25 $42.9 M Trent Williams Football Americain
24%
20 $46.5 M Patrick Mahomes Football Americain
23%
14 $61.1 M Russell Westbrook Basketball
23%
30 $40.6 M Antoine Griezmann Football
22%
43 $36.1 M Mohamed Salah Football
22%
39 $36.6 M Anthony Davis Basketball
20%
24 $43.2 M Kyrie Irving Basket
20%
50 $34.4 M Paul Pogba Football
18%
23 $43.3 M Klay Thompson Basket
17%
32 $40.2 M Chris Paul Basketball
16%
17 $49.2 M Giannis Antetokounmpo Basket
16%
28 $41.9 M Gareth Bale Football
14%
31 $40.4 M Damian Lillard Basketball
13%
38 $37 M Paul George Basketball
13%
47 $34.8 M Jimmy Butler Basketball
9%
41 $36.2 M Chris Jones Football Americain
8%
35 $39 M Andres Iniesta Football
7%
12 $63 M Canelo Alvarez Boxe
7%
29 $40.8 M Dustin Johnson Golf
6%
15 $55.2 M Naomi Osaka Tennis
6%
49 $34.5 M John Wall Basketball
5%
4 $108.4 M Dak Prescott Football Americain
3%
21 $46.1 M Phil Mickelson Golf
3%
18 $48.2 M David Bakhtiari Football Americain
1%
34 $39.5 M DeAndre Hopkins Football Americain
1%
45 $35.4 M Deshaun Watson Football Americain
1%
27 $42.6 M Jalen Ramsey Football Americain
1%
48 $34.5 M J. J. Watt Football Americain
1%
22 $43.8 M Joey Bosa Football Americain
1%
37 $37.3 M Marlon Humphrey Football Americain
1%
46 $35 M Matt Judon Football Americain
1%
26 $42.8 M Myles Garrett Football Americain
1%
19 $47.2 M Ronnie Stanley Football Americain
1%
42 $36.2 M Shaquil Barrett Football Americain
1%
40 $36.6 M Francisco Lindor Baseball
0%
Aucun quiz correspondant
Distribution des résultats
% des personnes avec chaque résultat
Percentile par nombre de réponses
Votre historique - résultats
Vous n’avez pas pris ce quiz